00629nam a22001690 4500003000500000005001700005008004100022050002400063100003400087245008600121260004700207300004700254440003600301650004900337650003700386700003600423PILC20150917102120.0990622s1951 eng  aPE 1408 b.C28 19511 aCampbell, Paul Edward,d1890-10aVoyages in English, 3rd-8th year /cPaul, E. Campbell and Mary Donatus Macnickle. aChicago :bLoyola University Press,c1951. aviii, 438 pages :billustrations ;c21 cm. 4aThe spirit of adventure series. aEnglish languagexComposition and exercises. aEnglish languagexGrammar, 1870-1 aMacnickle, Mary Donatus,d1885-